000 00623nam a2200193Ia 4500
003 GCL
008 140319s9999 xx 000 0 ara d
040 _aGCL /
_cGCL
082 0 4 _a213
_bأ د
100 1 _aابراهيم عبدالمنعم محمد
245 1 0 _aالدعوة الى الله واخلاق الدعاة /
_cابراهيم عبدالمنعم محمد
260 _a[S.N] :
_bمطابع اياك كوبى سنتر ،
_c1992
300 _a295 ص
490 _a
650 0 4 _aالاسلام
650 0 4 _aالاخلاق الاسلامية
650 0 4 _aالدعوة الاسلامية
942 _2ddc
_cBK
999 _c36064
_d36064